| 000 | 00603nam a22002177a 4500 | ||
|---|---|---|---|
| 003 | OSt | ||
| 005 | 20140310181914.0 | ||
| 008 | 130715t xxu||||| |||| 00| 0 eng d | ||
| 020 | _a9710367560 | ||
| 050 |
_aQA 39.2 _b.F753 2008 |
||
| 082 |
_aTR 510 _bF78 2005 |
||
| 100 |
_aFostanes, Jonathan _9225 |
||
| 245 |
_aBrain - teasers for Mathematics students / _cJonathan Fostanes |
||
| 260 |
_aPhilippines : _bSmartbooks Publishing, _cc2005. |
||
| 300 |
_a282 p. _bill. ; _c18 cm. |
||
| 521 | _aFaculty | ||
| 541 | _j1 | ||
| 562 | _e1 | ||
| 650 |
_aMathematics _9210 |
||
| 942 |
_2lcc _cBK-TR _kTR |
||
| 999 |
_c6651 _d6651 |
||